Diseño y construcción de un prototipo de antena parabólica y su control automático de orientación para actividades de investigación y experimentación de la carrera de ingeniería electrónica de la Universidad Nacional de Ingeniería
Presenta un diseño y construcción de un prototipo de antena parabólica y su control automático de orientación para actividades de investigación y experimentación de la carrera de ingeniería electrónica de la Universidad Nacional de Ingeniería, con énfasis en un sistema real y práctico en...
| Main Author: | |
|---|---|
| Other Authors: | |
| Format: | Tesis Section = Libro |
| Language: | Undetermined Spanish |
| Published: |
Managua
UNI
2014
|
| Subjects: |
| LEADER | 01453nam a2200265Ia 4500 | ||
|---|---|---|---|
| 008 | 240830s9999 xx 000 0 und d | ||
| 040 | |a BIBLIOTECA-RUSB/ Mon 621.38254 F619 | ||
| 041 | |a spa | ||
| 082 | |a Mon 621.38254 F619 | ||
| 100 | 1 | |a Fley Soza, Elías Caleb | |
| 245 | 1 | 0 | |a Diseño y construcción de un prototipo de antena parabólica y su control automático de orientación para actividades de investigación y experimentación de la carrera de ingeniería electrónica de la Universidad Nacional de Ingeniería |
| 260 | |a Managua |b UNI |c 2014 | ||
| 300 | |a 61 p. :il. | ||
| 500 | |a Contiene: anexos e Incluye: CD. | ||
| 502 | |a Tesis (Ingeniero Electrónico) - UNI, 2014. | ||
| 520 | 3 | |a Presenta un diseño y construcción de un prototipo de antena parabólica y su control automático de orientación para actividades de investigación y experimentación de la carrera de ingeniería electrónica de la Universidad Nacional de Ingeniería, con énfasis en un sistema real y práctico en el área de las comunicaciones por satélite y como llevar a cabo la automatización del sistema de comunicaciones. | |
| 650 | 7 | |a ANTENAS Y PROGRAMACION DE SATELITES | |
| 650 | 7 | |b ANTENAS PARABOLICAS | |
| 650 | 7 | |c ANTENAS REFLECTORAS | |
| 650 | 7 | |d ANTENAS DE ABERTURAS | |
| 650 | 7 | |e TELECOMUNICACIONES INALAMBRICAS | |
| 700 | 1 | |a Tutor: |b Lindo Carrión, Camilo Rooselveth | |
| 942 | |c BK |2 ddc | ||
| 991 | |a TESIS | ||
| 999 | |c 20288 | ||